| 000 | 00731nam a2200253 a 4500 | ||
|---|---|---|---|
| 001 | 70777 | ||
| 003 | BD-RjUL | ||
| 005 | 20211209082035.0 | ||
| 008 | 170419s1981 mauaf b 001 0 eng | ||
| 020 | _a0669027537 | ||
| 035 | _a(BD-RjUL)70991 | ||
| 040 |
_aDLC _cDLC _dDLC _beng |
||
| 041 | _aeng | ||
| 082 | 0 | 0 |
_223 _a973 _bGRE 1981 |
| 245 | 1 | 4 |
_aThe Great Republic : _ba history of the American people / _cBernard Bailyn ... [et al.]. |
| 250 | _a2nd ed. | ||
| 260 |
_aLexington, Mass. : _bD.C. Heath, _cc1981. |
||
| 300 |
_av. : _bill. ; _c25 cm. |
||
| 504 | _aIncludes bibliographies and index. | ||
| 505 | _aV. 1 -- | ||
| 651 | 0 |
_aUnited States _xHistory. _9209487 |
|
| 700 | 1 |
_aBailyn, Bernard. _9209488 |
|
| 942 |
_2ddc _cBK |
||
| 999 |
_c70777 _d70777 |
||